000 00506nam a22001817a 4500
005 20130913121803.0
010 _aENG-107798
020 _a9789382536024
_c200.00
035 _aEN-91331
037 _bDBAD/PUB
082 _aS
100 _aKekre, Sudhir
245 _aPizza porn /
_cby Sudhir Kekre
260 _aNew Delhi
_bLiFi Publications Pvt. Ltd.
_c2013
270 _a211, 2nd Floor, Gagandeep 12, Rajendra Place
_bNew Delhi
_e110008
300 _aix,213p.
_c18cm(pbk)
942 _2ddc
_cEN
_mKEK
_hS
999 _c77088
_d77088